Delitos contra bienes jurídicos fundamentales vida humana independiente y libertad (Registro nro. 53561)

Detalles MARC
000 -ENCABEZADO
Número de control [NR] 00858nam a2200253Ia 4500
005 - FECHA Y HORA DE LA ÚLTIMA TRANSACCIÓN
control field 20211111074837.0
008 - DE LONGITUD FIJA DE DATOS DE ELEMENTOS - INFORMACIÓN GENERAL
Elementos de longitud fija [NR] 130821s1993 sp gr spa
020 ## - NUMERO INTERNACIONAL NORMALIZADO PARA LIBROS [R]
Número Internacional Normalizado del libro [NR] 8480021144
040 ## - FUENTE DE CATALOGACION [NR]
Agencia de catalogación original [NR] Co-BoUCM
Idioma de catalogación [NR] spa
041 00 - CODIGO DE IDIOMA [R]
Código de idioma para texto/pista de sonido o título separado [R] Español
100 1# - ASIENTO PRINCIPAL--NOMBRE PERSONAL [NR]
Nombre personal [NR] Díez Ripollés, José
ID Autoridad 163668
245 10 - MENCION DE TITULO [NR]
Título [NR] Delitos contra bienes jurídicos fundamentales vida humana independiente y libertad
Mención de responsabilidad, etc. [NR] José Díez Ripollés, Luis Gracia Martín
260 ## - PUBLICACION, DISTRIBUCION, ETC. (PIE DE IMPRENTA) [R]
Lugar de publicación, distribución, etc. [R] Valencia (España)
Nombre del editor, distribuidor, etc. [R] Tirant lo Blanch
Fecha de publicación, distribución, etc. [R] 1993
300 ## - DESCRIPCION FISICA [R]
Extensión [R] 397 páginas
650 04 - ASIENTO SECUNDARIO DE MATERIA - TERMINO TEMATICO [R]
Término temático o nombre geográfico como elemento de entrada [NR] Crimen
9 (RLIN) 12140
650 04 - ASIENTO SECUNDARIO DE MATERIA - TERMINO TEMATICO [R]
Término temático o nombre geográfico como elemento de entrada [NR] Criminología
9 (RLIN) 12152
650 04 - ASIENTO SECUNDARIO DE MATERIA - TERMINO TEMATICO [R]
Término temático o nombre geográfico como elemento de entrada [NR] Delitos contra la persona
9 (RLIN) 12579
650 04 - ASIENTO SECUNDARIO DE MATERIA - TERMINO TEMATICO [R]
Término temático o nombre geográfico como elemento de entrada [NR] Delitos
9 (RLIN) 12564
650 04 - ASIENTO SECUNDARIO DE MATERIA - TERMINO TEMATICO [R]
Término temático o nombre geográfico como elemento de entrada [NR] Derecho penal
9 (RLIN) 12805
650 04 - ASIENTO SECUNDARIO DE MATERIA - TERMINO TEMATICO [R]
Término temático o nombre geográfico como elemento de entrada [NR] Derecho privado
9 (RLIN) 437
700 1# - ASIENTO SECUNDARIO - NOMBRE PERSONAL [R]
Nombre personal [NR] Gracia Martín, Luis
9 (RLIN) 163669
942 ## - ELEMENTOS DE ENTRADA AGREGADOS (KOHA)
Tipo de ítem principal el descrito en 300a Libro
Tema principal Derecho
Edición 1
Parte restante de la signatura top. D568d
Sistema de clasificación DEWEY
Clasificación 364.15
Existencias
Fecha de último préstamo Total préstamos Total Renewals Signatura topográfica Código de barras Última vez visto Ejemplar Price effective from Tipo de ítem Nota pública (OPAC) Perdido Sistema de clasificación Dañado No prestable Tipo de ítem específico Suprimido Ubicación habitual Ubicación actual Localización Fecha de creación Forma de adquisición Costo
10/09/2015 1 1 364.15 D568d 100086967 04/12/2025 Ej.1 03/02/2013 Libro Spot Criminología e Investigación Criminal   DEWEY     Libro   Claustro Claustro 3er piso 28/02/2013 Compra 78000.00